Valtioita osittaisten lippujen mukaan #8 - Statistics

Yleistilastot
  • Tätä visaa on pelattu 195 kertaa
  • Keskiarvotulos 11 / 16
Vastaustilastot
Kuvavisa Vastaus % Oikein
Alankomaat
98%
Norsunluurannikko
88%
Romania | Tšad
88%
Palau
75%
Trinidad ja Tobago
74%
Antigua ja Barbuda
72%
Samoa
70%
Lesotho
69%
Mosambik
69%
Malediivit
66%
Sudan
66%
Suriname
65%
Itä-Timor
64%
Etelä-Sudan
61%
Ruanda
59%
Päiväntasaajan Guinea
44%
Ehtoja vastaavia visoja ei löytynyt
Tulosjakauma
Jokaisen tuloksen saaneiden osuus
Persentiili vastausten määrän mukaan
Tuloshistoriasi
Et ole pelannut tätä visaa